00493nam a2200181Ia 4500001001000000003000500010008004100015010001100056040000900067082001700076100001800093245006000111260004100171300001000212440003500222650003700257700001700294Para_1694CHAP220125s1986 xx 000 0 und d a200312 cCHAP aPA 633.61 S6 aSivanesan, A. aSugarcane diseases /c by A. Sivanesan and J.M. Waller aGrat Britain :b CAB. International a88 p. aPhytopathological paper N.; 29 aCaña de azucar x enfermedades aWaller, J.M.